00981nam a22002177a 4500999001500000003000900015008004100024040007100065082002500136100002500161245007800186260004100264300002800305505021200333650001800545650003700563650003900600942001600639945000900655952009900664 c3228d3228AR-CdUCM190306b ||||| |||| 00| 0 spa d aMUNICIPALIDAD PROVINCIAL DEL CUSCOcBIBLIOTECA MUNICIPAL DEL CUSCO 22ed.a980.03 /bAR68 aArcienagas, Germán aEl caballero de El Dorado :bvida del conquistador Jiménez de Quesada / aBuenos Aires :bEdit. Losada,c1950. a240 páginas ;c18 cm. aEn la ciudad vagabunda y aventurera -- Europa o el paraíso de los locos -- Historia de dos capitalistas y un licenciado - Náufragos en la tierra y en el mar -- De justicia mayor a capitán de alzados... aColombia9140 aConquistadores españoles94370 aJimenez de Quesada, Gonzalo910804 2ddccLIBROS admma 002ddc4070aSHbSHcCARTd2019-03-06g20.00o980.03 / AR68pSH0000003527r2019-03-06yLIBROS